¡No bajes al sótano! / (Registro nro. 13270)

Detalles MARC
000 -LIDER
fixed length control field 00680nam a22002297a 4500
003 - IDENTIFICACDOR DE NÚMERO DE CONTROL
control field DO-SdBNP
005 - DATE AND TIME OF LATEST TRANSACTION
control field 20180205130453.0
008 - ELEMENTOS DE LONGITUD FIJA
fixed length control field 180205b 1996 sp | 00| 0 spa d
040 ## - FUENTE DE CATALOGACIÓN
Agencia que crea de manera original el registro BPMSU
Idioma de catalogación spa
Agencia que realiza la transcripción BPMSU
082 ## - NÚMERO DE CLASIFICACIÓN DECIMAL DE DEWEY
Classification number xxx
Item number xxxx
100 10 - ASIENTO PRINCIPAL -- NOMBRE PERSONAL
Nombre personal Stine, R. L.
240 1# - TITULO UNIFORME
Título uniforme Goosebumps #2 stay out of the basement /
245 13 - MENCIÓN DE TITULO
Título ¡No bajes al sótano! /
Mención de responsabilidad R. L. Stine ; traducción Concha Pérez
260 ## - PUBLICACIÓN, DISTRIBUCIÓN, ETC. (PIE DE IMPRENTA)
Lugar de publicación, distribución, etc Barcelona :
Nombre del editor, distribuidor, etc. Ediciones B.,
-- El periódico,
Fecha de publicación, distribución, etc 1996.
300 ## - DESCRIPCIÓN FÍSICA
Extensión 125 p. :
Dimensiones 20 cm.
490 0# - MENCIÓN DE SERIES
Mención de serie Pesadillas
Volume/sequential designation 5
700 10 - ASIENTO SECUNDARIO -- NOMBRE PERSONAL
Nombre personal Pérez, Concha
Mención de responsabilidad tr.
830 #0 - ASIENTO SECUNDARIO DE SERIE--TÍTULO UNIFORME
Título uniforme Pesadillas
Volume number/sequential designation 5
942 ## - ADDED ENTRY ELEMENTS (KOHA)
Source of classification or shelving scheme Dewey Decimal Classification
Koha item type Libros
945 ## - INFORMACIÓN DE PROCESAMIENTO LOCAL
Información de procesamiento local Inventariado, 2018/ YL
956 ## - LOCAL ELECTRONIC LOCATION AND ACCESS (OCLC)
Nombre de host YLOCKWARD
Número de acceso 10
Información de compresión BPMSU
Existencias
Withdrawn status Lost status Source of classification or shelving scheme Damaged status Not for loan Collection code Home library Current library Date acquired Source of acquisition Total Checkouts Full call number Barcode Date last seen Price effective from Koha item type
    Dewey Decimal Classification     Colección Juvenil General Biblioteca Pública Metropolitana Salomé Ureña Biblioteca Pública Metropolitana Salomé Ureña 02/05/2018 Donado por Fundi   xxx xxxx BPMSU18020071 02/05/2018 02/05/2018 Libros